000 00666nam a2200181Ia 4500
008 100920s9999 xx 000 0 und d
082 _b96626
_a--- न 06
100 _aमूळ:ली हॉवर्ड / अनु:डावखरे अरूण.
245 _aमास्टर ऑफ फुंगफू.
260 _bप्राजक्ता प्रकाशन,पुणे.
_c2006
300 _a200
_bसाधी
365 _b180
520 _aकादंबरी.
630 _aमास्टर ऑफ फुंगफू.
650 _aकादंबरी.
730 _aमास्टर ऑफ फुंगफू.
942 _cBOOK
999 _c737065
_d737062